Open Data Biblioteca Nacional de Portugal


República Portuguesa: Ministério da Cultura
Biblioteca Nacional de Portugal

Catálogo da BNP: acesso por Identificadores Unívocos
Registos Bibliográficos associados ao registo de autoridade

Etiqueta de registo: 00000nam 2200025 450
001 2283681
003 http://id.bnportugal.gov.pt/bib/catbnp/2283681
021 ## $aPT$b557541/25
100 ## $a20260406d2025 k y0pory01030103ba
101 0# $apor
102 ## $aPT
105 ## $aa z 100yy
106 ## $ar
200 1# $aHistória do Algarve$eatas$fdo Ciclo de Conferências no inverno 2024-2025$fAndreia Fidalgo... [et al.]$gcoord. Marco Sousa Santos, Fernanda Guerra
205 ## $a1ª ed
210 #9 $aTavira$cMunicípio de Tavira ;$cAssociação Casa Álvaro de Campos,$d2025
215 ## $a133, [2] p.$cil.$d21 cm
701 #1 $aFidalgo,$bAndreia,$f1986-$4070$31466695
702 #1 $aGuerra,$bFernanda$4340$31915633
702 #1 $aSantos,$bMarco Sousa,$f1982-$4340$31653651
710 02 $aCiclo de Conferências no inverno "História do Algarve"$eTavira,$f2025$31994860
801 #0 $aPT$bBN$gRPC
966 ## $lBN$mFGMON$x1
966 ## $lBN$mFGMON$x1
971 ## $ccsilva$d20260406

OpendataBNP@bnportugal.pt | Mais informação sobre acesso aos dados BNP